Star Wars Characters By Letter - E - Statistics

General Stats
  • This quiz has been taken 105 times
  • The average score is 7 of 12
Answer Stats
Picture Answer % Correct
Emperor Palpatine
99%
Ezra Bridger
82%
Echo
80%
Even Piell
74%
Eeth Koth
70%
Eighth Brother Inquisitor
58%
Enfys Nest
57%
Ephraim Bridger
41%
Eleni Syndulla
36%
Ello Asty
21%
Edrio Two Tubes
20%
Eedy Karn
17%
No matching quizzes found
Score Distribution
Percent of People with Each Score
Percentile by Number Answered
Your Score History
You have not taken this quiz